[Event "ISL-chT2 2122"]
[Site "Reykjavik"]
[Date "2022.03.05"]
[Round "6.2"]
[White "Olafsson, Smari"]
[Black "Jonsson, Pall Leo"]
[Result "1/2-1/2"]
[WhiteElo "1917"]
[BlackElo "1999"]
[PlyCount "42"]
[EventDate "2021.10.01"]
[EventType "team-tourn"]
[EventRounds "7"]
[EventCountry "ISL"]
[SourceTitle "EXT 2024"]
[Source "ChessBase"]
[SourceDate "2023.10.10"]
[SourceVersion "1"]
[SourceVersionDate "2023.10.10"]
[SourceQuality "1"]
[WhiteTeam "Akureyri II"]
[BlackTeam "Selfoss"]
[WhiteTeamCountry "ISL"]
[BlackTeamCountry "ISL"]

1. e4 e6 2. Nf3 d5 3. Nc3 dxe4 4. Nxe4 Be7 5. d4 Nf6 6. Nxf6+ Bxf6 7. Be3 0-0 8. Bd3 c5 9. c3 cxd4 10. Nxd4 e5 11. Ne2 Nc6 12. Qc2 g6 13. 0-0-0 Qa5 14. Bc4 Bf5 15. Qb3 Qc7 16. Bd5 Na5 17. Qa4 a6 18. Qb4 Nc6 19. Qc4 Rac8 20. g4 Bd7 21. h4 Ne7 1/2-1/2

[Event "Reykjavik op"]
[Site "Reykjavik"]
[Date "2012.03.10"]
[Round "5"]
[White "Ziska, Andrias"]
[Black "Jonsson, Pall Leo"]
[Result "1-0"]
[WhiteElo "1900"]
[BlackElo "2057"]
[PlyCount "69"]
[EventDate "2012.03.06"]
[EventType "swiss"]
[EventRounds "9"]
[EventCountry "ISL"]
[SourceTitle "CBM 147 Extra"]
[Source "ChessBase"]
[SourceDate "2012.04.24"]
[SourceVersion "1"]
[SourceVersionDate "2012.04.24"]
[SourceQuality "1"]

1. e4 e6 2. d4 d5 3. Nc3 Nf6 4. Bg5 Be7 5. e5 Nfd7 6. Bxe7 Qxe7 7. Nf3 0-0 8. Bd3 c5 9. dxc5 Nxc5 10. 0-0 Nc6 11. Re1 a6 12. Ne2 f6 13. Ng3 f5 14. Qd2 Ne4 15. Qc1 Bd7 16. a3 Rac8 17. b4 b5 18. Qb2 Be8 19. Rad1 g5 20. Nd2 Qg7 21. Bxe4 fxe4 22. Ndxe4 dxe4 23. Rxe4 Bg6 24. Re2 Qc7 25. Rd6 Rfd8 26. Red2 Rxd6 27. exd6 Qd7 28. Nf1 Nd8 29. Ne3 Nb7 30. Qe5 Rc6 31. Ng4 Qg7 32. Qxe6+ Bf7 33. Nf6+ Kh8 34. Qe7 Bg8 35. Qxg7+ 1-0

[Event "ISL-chT 0910"]
[Site "Reykjavik"]
[Date "2010.03.05"]
[Round "5"]
[White "Jonsson, Pall Leo"]
[Black "Petursson, Matthias"]
[Result "1-0"]
[WhiteElo "2079"]
[BlackElo "1917"]
[PlyCount "43"]
[EventDate "2009.09.25"]
[EventType "team-tourn"]
[EventRounds "7"]
[EventCountry "ISL"]
[SourceTitle "EXT 2011"]
[Source "ChessBase"]
[SourceDate "2010.11.26"]
[SourceVersion "1"]
[SourceVersionDate "2010.11.26"]
[SourceQuality "1"]

1. d4 Nf6 2. Nf3 g6 3. c4 Bg7 4. Nc3 d6 5. g3 0-0 6. Bg2 Nbd7 7. 0-0 c6 8. h3 Rb8 9. e4 e5 10. Be3 b6 11. Qc2 Ba6 12. dxe5 Nxe5 13. Nxe5 dxe5 14. Rfd1 Qe7 15. Qa4 Qb7 16. Rd2 Rfd8 17. Rad1 Rxd2 18. Rxd2 Bf8 19. f4 Nd7 20. Qd1 Rd8 21. fxe5 Bxc4 22. Bg5 1-0